KOHA-Header-6

جمال الدین افغانی (Record no. 13595)

000 -LEADER
fixed length control field 00366nam a22001217a 4500
020 ## - INTERNATIONAL STANDARD BOOK NUMBER
ISBN 9693516974
082 ## - DEWEY DECIMAL CLASSIFICATION NUMBER
Classification number 923.4
100 ## - MAIN ENTRY--AUTHOR NAME
Personal name مرتبہ محمّد اکرم چغتائی
245 ## - TITLE STATEMENT
Title جمال الدین افغانی
Remainder of title اتحاد عالم اسلامی کا نقیب
260 ## - PUBLICATION, DISTRIBUTION, ETC. (IMPRINT)
Place of publication لاہور
Name of publisher سنگ میل
Year of publication ٢٠٠٥
300 ## - PHYSICAL DESCRIPTION
Number of Pages ٧٢٨ صفحات
942 ## - ADDED ENTRY ELEMENTS (KOHA)
Koha item type Books
Holdings
Withdrawn status Lost status Collection code Permanent Location Current Location Shelving location Date acquired Full call number Accession Number Koha item type
    Urdu Literature MAJU MAJU Shelf No.A12 2022-12-16 923.4 10681 Books

Powered by Koha